<?xml version="1.0" encoding="UTF-8"?>
<collection xmlns="http://www.loc.gov/MARC21/slim">
 <record>
  <leader>01370nam a2200193Ia 4500</leader>
  <controlfield tag="001">CTU_227721</controlfield>
  <controlfield tag="008">210402s9999    xx            000 0 und d</controlfield>
  <datafield tag="082" ind1=" " ind2=" ">
   <subfield code="a">330.1</subfield>
  </datafield>
  <datafield tag="082" ind1=" " ind2=" ">
   <subfield code="b">W373</subfield>
  </datafield>
  <datafield tag="100" ind1=" " ind2=" ">
   <subfield code="a">Weber, Max</subfield>
  </datafield>
  <datafield tag="245" ind1=" " ind2="0">
   <subfield code="a">Theory of social and economic organization</subfield>
  </datafield>
  <datafield tag="245" ind1=" " ind2="0">
   <subfield code="c">Max Weber ; Translated by A. M. Henderson, Talcott Pasons</subfield>
  </datafield>
  <datafield tag="260" ind1=" " ind2=" ">
   <subfield code="a">New York</subfield>
  </datafield>
  <datafield tag="260" ind1=" " ind2=" ">
   <subfield code="b">The Free press</subfield>
  </datafield>
  <datafield tag="260" ind1=" " ind2=" ">
   <subfield code="c">1947</subfield>
  </datafield>
  <datafield tag="520" ind1=" " ind2=" ">
   <subfield code="a">This volume contains a full and representative statement of Max Weber's sociological theory, drawn from important publications never previously translated. The book opens with a discussion of the analytical methods of sociology and an application of these methodological conclusions to the broadest classification of social relationship and groups. Nearly half the volume is devoted to a further elaboration of this scheme in the field of economic activity. The typology is copiously illustrated with material from many periods of history and parts of the world. Chapters include: The Fundamental Concepts of Sociology Sociological Categories of Economic Action The Types of Authority and Imperative Co-ordination The Transformation of Charisma in an Anti-Authoritarian Direction Social Stratification and Class Structure</subfield>
  </datafield>
  <datafield tag="650" ind1=" " ind2=" ">
   <subfield code="a">Kinh tế học,Economics</subfield>
  </datafield>
  <datafield tag="910" ind1=" " ind2=" ">
   <subfield code="b">dqhieu</subfield>
  </datafield>
  <datafield tag="980" ind1=" " ind2=" ">
   <subfield code="a">Trung tâm Học liệu Trường Đại học Cần Thơ</subfield>
  </datafield>
 </record>
</collection>
